| 000 | 00899cam a2200205 4500 | ||
|---|---|---|---|
| 001 | WB3837-15 | ||
| 008 | 021007n2002 000 0 eng u | ||
| 035 | _a(Sirsi) u120019 | ||
| 245 | _aGuarantors liability to take up new lease | ||
| 260 | _c2002 | ||
| 490 |
_aEstates Gazette _v (0240) 5 October 2002, 168(1) |
||
| 520 | _aExamines recent case "Active Estates Ltd v Parness" (ChD, Abs65961) where the High Court ruled that a landlord who takes possession after a disclaimer, will lose the right to require a guarantor to take a new lease. Decided that whether or not possession has been taken depends on particular circumstances. | ||
| 590 | _aWB | ||
| 650 | _aGUARANTOR LIABILITY | ||
| 650 | _aACTIVE ESTATES LTD V PARNESS AND ANOTHER | ||
| 650 | _aLAW OF PROPERTY (MISCELLANEOUS PROVISIONS) ACT 1989 | ||
| 650 | _aDISCLAIMERS | ||
| 690 | _aPROPERTY-LANDLORD AND TENANT | ||
| 942 | _n0 | ||
| 999 |
_c71317 _d71317 |
||